| 000 | 00677nam a22001937a 4500 | ||
|---|---|---|---|
| 003 | NUST-PNEC | ||
| 005 | 20170116180712.0 | ||
| 008 | 141015b xxu||||| |||| 00| 0 eng d | ||
| 020 | _a0871702797 | ||
| 040 | _cPNEC | ||
| 082 | _a620.11 ASM | ||
| 100 |
_9589 _aASM |
||
| 245 |
_aEngineered materials handbook: Composites, Volume I _cASM International |
||
| 260 |
_aMetals park, Ohio : _bASM International, _cc1987 |
||
| 300 |
_axiv, 983 p. : _bill. ; _c29 cm. |
||
| 500 | _aIncludes Index http://www.amazon.com/Engineered-Materials-Handbook-Composites-I/dp/0871702797/ref=sr_1_1?s=books&ie=UTF8&qid=1413348687&sr=1-1&keywords=0871702797 | ||
| 650 | _xME | ||
| 942 |
_2ddc _cBK |
||
| 999 |
_c61020 _d61020 |
||